000249949 001__ 249949
000249949 005__ 20231010195628.0
000249949 022__ $$a2598-6260
000249949 022__ $$a2598-6260$$l2598-6260
000249949 022__ $$a2598-6279$$l2598-6260
000249949 0247_ $$2ZDBID$$aPERI:(DE-600)3071617-2
000249949 0247_ $$2ZDBPPN$$aZDPPN:1235599116
000249949 0247_ $$2EZBID$$aPERI:(DE-606)482385
000249949 0247_ $$2OCLC$$aOCLC:1289358957
000249949 035__ $$aPERI:(DE-600)3071617-2
000249949 040__ $$a9001$$bger$$cDE-101$$dJOIN²$$eJOIN² journal identification
000249949 041__ $$aeng
000249949 044__ $$cXB-ID
000249949 082__ $$223sdnb$$a624$$qDE-600
000249949 08274 $$223sdnb$$a624$$qDE-600
000249949 2100_ $$2DE-600$$aIndones. J. Env. Man. Sus.
000249949 24220 $$2DE-600$$aIndonesian journal of environmental management and sustainability$$bIJEMS$$yen
000249949 24220 $$2DE-600$$aIndonesian journal of environmental management and sustainability$$bIJEMS
000249949 245__ $$2DE-600$$aIndonesian journal of environmental management and sustainability$$bIJEMS$$honline, print
000249949 2463_ $$2DE-600$$aIndonesian journal of environmental management and sustainability
000249949 2463_ $$aIJEMS (Indonesian Journal of Environmental Management and Sustainability)
000249949 2463_ $$aIndonesian journal of environmental management and sustainability
000249949 2463_ $$aIndonesian journal of invironmental management and sustainability
000249949 2463_ $$aIJEMS
000249949 260__ $$a[Kota Palembang]$$bResearch Center of Inorganic Materials and Coordination Complexes, FMIPA Universitas Sriwijaya$$c[2017]-
000249949 2607_ $$2DOAJ$$aIndonesia$$bARTS Publishing Corp.$$d2018-05-02T15:44:21Z$$fProdi Magister Biologi Universitas Sriwijaya
000249949 26431 $$a[Kota Palembang]$$bResearch Center of Inorganic Materials and Coordination Complexes, FMIPA Universitas Sriwijaya$$c[2017]-
000249949 3620_ $$2DE-600$$aVol. 1, no. 1 (2017)-
000249949 36301 $$2DE-600$$81.1\x$$a1$$b1$$i2017
000249949 365__ $$2DOAJ$$aAPC$$b50$$cUSD$$d2018-05-02T15:44:21Z
000249949 380__ $$2marcgt$$ajournal
000249949 500__ $$aAutomatically generated record. (Updated: 2023-08-31)
000249949 65310 $$2EZB-Subject$$aTechnik
000249949 65310 $$2EZB-Subject$$aEnergietechnik
000249949 65310 $$2EZB-Subject$$aNatur- und Umweltschutz
000249949 65310 $$2EZB-Keyword$$aUmweltmanagement ,Umweltpolitik
000249949 65310 $$2DOAJ$$aenvironmental management$$d2018-05-02T15:44:21Z
000249949 65310 $$2DOAJ$$aenvironmental sustainability$$d2018-05-02T15:44:21Z
000249949 65310 $$2DOAJ$$aGeography. Anthropology. Recreation: Environmental sciences$$d2018-05-02T15:44:21Z
000249949 65310 $$2DOAJ$$aScience: Biology (General): Ecology$$d2018-05-02T15:44:21Z
000249949 77608 $$2DE-600$$iErscheint auch als$$nDruck-Ausgabe$$tIndonesian journal of invironmental management and sustainability$$x2598-6260
000249949 8564_ $$d0$$uhttp://ezb.uni-regensburg.de/3071617$$yEZB
000249949 8564_ $$d0$$uhttp://ijoems.com/index.php/ijems/about/editorialTeam$$yEditorial board
000249949 8564_ $$d0$$uhttp://ijoems.com/index.php/ijems/ans$$yScope
000249949 8564_ $$d0$$uhttp://ijoems.com/index.php/ijems/apcs$$yAPC information
000249949 8564_ $$d0$$uhttp://ijoems.com/index.php/ijems/index$$yVerlag = kostenfrei
000249949 8564_ $$d0$$uhttp://ijoems.com/index.php/ijems/navigationMenu/view/gfa$$yInstructions for Authors
000249949 8564_ $$d0$$uhttp://ijoems.com/index.php/ijems/peer-review$$yReview process
000249949 85672 $$2RSS$$uhttps://ijoems.com/index.php/ijems/gateway/plugin/WebFeedGatewayPlugin/rss2$$yCurrent Articles / Preprints
000249949 8801_ $$2DE-600$$aIndonesian journal of environmental management and sustainability$$bIJEMS
000249949 909CO $$ooai:juser.fz-juelich.de:915301$$pauthority$$pauthority:PERI
000249949 909CO $$ooai:juser.fz-juelich.de:915301
000249949 915__ $$0StatID:(DE-HGF)0501$$2StatID$$aDBCoverage$$bDOAJ Seal$$d2018-05-02T15:44:21Z
000249949 915__ $$0StatID:(DE-HGF)0500$$2StatID$$aDBCoverage$$bDOAJ$$d2018-05-02T15:44:21Z
000249949 915__ $$0StatID:(DE-HGF)0030$$2StatID$$aPeer Review$$bDOAJ : Double anonymous peer review$$d2018-05-02T15:44:21Z
000249949 915__ $$0LIC:(DE-HGF)CCBYNCSANV$$2V:(DE-HGF)$$aCreative Commons Attribution-NonCommercial-ShareAlike CC BY-NC-SA (No Version)$$bDOAJ$$d2018-05-02T15:44:21Z
000249949 915__ $$0StatID:(DE-HGF)0561$$2StatID$$aArticle Processing Charges$$d2023-08-31
000249949 915__ $$0StatID:(DE-HGF)0700$$2StatID$$aFees$$d2023-08-31
000249949 980__ $$aPERI
000249949 980__ $$aAUTHORITY